El sabor de la sandía /

La sequía y las restricciones de agua azotan Taipei (Taiwán). En un decrépito edificio, una chica solitaria (Li Shang-ling) se enamora del vecino (Lee Kang-sheng). Tardará en descubrir que se trata de un actor porno que trabaja en un film de ínfimo presupuesto cuyo rodaje se desarrolla unos pisos má...

Full description

Bibliographic Details
Other Authors: Ming-Liang, Tsai dir
Format: VHS
Language:Chinese
Published: Taiwan DVD Video 2005
Subjects:

MARC

LEADER 00000cgm a2200000 a 4500
001 030734
003 UAHC_CL
005 20170803123242.0
008 111220b2005 cc 000 chi
040 |a UAHC_CL  |c UAHC_CL  |d UAHC_CL 
245 1 3 |a El sabor de la sandía /  |c Tsai Ming-Liang. 
260 |a Taiwan  |b DVD Video  |c 2005 
300 |a 114 min. 
520 |a La sequía y las restricciones de agua azotan Taipei (Taiwán). En un decrépito edificio, una chica solitaria (Li Shang-ling) se enamora del vecino (Lee Kang-sheng). Tardará en descubrir que se trata de un actor porno que trabaja en un film de ínfimo presupuesto cuyo rodaje se desarrolla unos pisos más arriba. 
650 4 |a CINE 
700 1 |a Ming-Liang, Tsai  |c dir. 
900 |a DVD-463 
942 |c VHS 
952 |0 0  |1 0  |4 0  |6 DVD_463  |7 0  |8 Referencia  |9 60102  |a BC  |b BC  |c Referencia  |d 2017-08-03  |l 3  |m 7  |o DVD-463  |p 1392326  |r 2022-01-14 00:00:00  |s 2018-02-01  |t 1  |w 2017-08-03  |y DVD 
999 |c 30734  |d 30734